20th Century History with a Movie Title Quiz Stats

Quiz Updated Feb 28, 2018

Challenge
Share
Tweet
Embed
Score 0/16 Timer 05:00
2 Plays Today
% Correct
Up in the Air
94%
The Wall
93.9%
Frozen
93.5%
Crash
90.1%
Toy Story
89.1%
The Princess Bride
88.8%
Out of Africa
87.8%
The Italian Job
86.6%
% Correct
The King's Speech
85.5%
Dr. Strangelove or: How I Learned to Stop Worrying and Love the Bomb
83.3%
The King and I
79%
The Return of the King
78.9%
On the Waterfront
77.4%
The Empire Strikes Back
76.7%
A Farewell to Arms
69.7%
Sleepless in Seattle
62.3%

You're not logged in!

Compare scores with friends on all Sporcle quizzes.
Join for Free
OR
Log In

You Might Also Like...

Show Comments

Extras

Top Quizzes Today


Score Distribution

Your Account Isn't Verified!

In order to create a playlist on Sporcle, you need to verify the email address you used during registration. Go to your Sporcle Settings to finish the process.

Report this User

Report this user for behavior that violates our Community Guidelines.

Details: